Nuijasota-visa - Statistics

Yleistilastot
  • Tätä visaa on pelattu 27 kertaa
  • Keskiarvotulos 5 / 10
Vastaustilastot
Vihje Vastaus % Oikein
Nuijamiesten päällikkö Jaakko Ilkka
84%
Talonpojat kapinaan ajanut Herttua Kaarle-herttua
76%
Aateliston ja sotajoukkojen päällikkö Klaus Fleming
56%
Vuodet jolloin sota käytiin 1596
52%
Vuodet jolloin sota käytiin 1597
48%
Kuolleiden lukumäärä (tuhannen tarkkuudella) 3 000
44%
Ruotsin kuningas sodan aikana Sigismund
44%
Järjestelmä, jossa talonpojatelättivät ja majoittivat sotilaita Linnaleiri
24%
Taistelu, joka päätti Pohjanmaanensimmäisen kapina-aallon {Nokian} taistelu
24%
Sodan suurin taistelu, joka myös päätti sodan {Santavuoren} taistelu
8%
Ehtoja vastaavia visoja ei löytynyt
Tulosjakauma
Jokaisen tuloksen saaneiden osuus
Persentiili vastausten määrän mukaan
Tuloshistoriasi
Et ole pelannut tätä visaa